Mobilní zdroje elektrické energie (elektrocentrály) : konference EC 2001 : Brno, 16. a 17. května 2001 : sborník příspěvků /

Corporate Author: Vojenská akademie Brno. Katedra elektrotechniky a elektroniky
Other Authors: Mobilní zdroje elektrické energie (elektrocentrály), Kalous, Jaroslav, 1932-
Language: Czech
English
Published: V Brně : Vojenská akademie, c2001
Physical Description: iv, 110 s. : il. ; 30 cm
Book
Saved in:
LEADER 01532nam a2200349 a 4500
001 000710151
003 CZ BrMZK
005 20070618102341.0
007 ta
008 040331s2001 xr a e 100 0 cze d
015 |a cnb001173479 
020 |a 80-85960-24-9  |q (brož.) 
035 |a (OCoLC)85084634 
040 |a BOA001  |b cze 
041 0 |a cze  |a eng 
072 7 |a 620.9  |x Energetika  |2 Konspekt  |9 19 
080 |a (062.534)  |2 MRF 
080 |a 620.91  |2 MRF 
111 2 |a Mobilní zdroje elektrické energie (elektrocentrály)  |d (2001 :  |c Brno, Česko)  |7 kn20040519004 
245 1 0 |a Mobilní zdroje elektrické energie (elektrocentrály) :  |b konference EC 2001 : Brno, 16. a 17. května 2001 : sborník příspěvků /  |c Vojenská akademie v Brně, Fakulta letectva a PVO, Katedra elektrotechniky a elektroniky ; [redaktor sborníku Jaroslav Kalous] 
246 3 3 |a Konference Mobilní zdroje elektrické energie (elektrocentrály) 2001 
260 |a V Brně :  |b Vojenská akademie,  |c c2001 
300 |a iv, 110 s. :  |b il. ;  |c 30 cm 
500 |a Ćást. anglický text, anglická resumé 
504 |a Obsahuje bibliografie 
650 0 7 |a energetické zdroje  |7 ph114469  |2 czenas 
655 7 |a sborníky konferencí  |7 fd133333  |2 czenas 
700 1 |a Kalous, Jaroslav,  |d 1932-  |7 mzk2004231259  |4 aut 
710 2 |a Vojenská akademie Brno.  |b Katedra elektrotechniky a elektroniky  |7 kn20040519005 
910 |a BOA001  |b 3-1131.881 
990 |a BK 
996 6 |b 2610217147  |c 3-1131.881  |l MZK  |r Sklad / do 1 hodiny  |n 6  |p p.v.  |w 000710151  |u 000010  |a 1  |e BOA001  |j MZK50  |s P